书目信息 |
| 题名: |
传承与创新
|
|
| 作者: | 於可训 , 张园 编 | |
| 分册: | ||
| 出版信息: | 武汉 武汉大学出版社 2006 |
|
| 页数: | 469页 | |
| 开本: | 24cm | |
| 丛书名: | ||
| 单 册: | ||
| 中图分类: | I206.6-53 | |
| 科图分类: | ||
| 主题词: | 文学研究--中国--现代--文集 , 文学研究 | |
| 电子资源: | ||
| ISBN: | 7-307-05382-9 | |
| 000 | 01000nam0 2200253 450 | |
| 001 | 1254639670 | |
| 005 | 20121015151111.96 | |
| 010 | @a7-307-05382-9@dCNY40.00 | |
| 100 | @a20070226d2006 em y0chiy50 ea | |
| 101 | 0 | @achi |
| 102 | @aCN@b420000 | |
| 105 | @ay z 000yy | |
| 200 | 1 | @a传承与创新@Achuan cheng yu chuang xin@e武汉大学文学院中国现当代文学学科学术论文集@f於可训,张园编 |
| 210 | @a武汉@c武汉大学出版社@d2006 | |
| 215 | @a469页@d24cm | |
| 330 | @a本书收录了《胡适其人及胡适研究述评》、《开拓中国现代新文化的同路人》、《论闻一多的文化思想》、《四十年代长篇叙事诗初探》等武大文学院现代文学研究论文。 | |
| 517 | 1 | @a武汉大学文学院中国现当代文学学科学术论文集@Awu han da xue wen xue yuan zhong guo xian dang dai wen xue xue ke xue shu lun wen ji |
| 606 | 0 | @a文学研究@y中国@z现代@j文集 |
| 606 | 0 | @a文学研究 |
| 690 | @aI206.6-53@v4 | |
| 701 | 0 | @a於可训@Ayu ke xun@4编 |
| 701 | 0 | @a张园@Azhang yuan@c(文学)@4编 |
| 801 | 0 | @aCN@bNLC@c20101222 |
| 905 | @a10447@dI206.6-53@eJY262 | |
| 传承与创新:武汉大学文学院中国现当代文学学科学术论文集/於可训,张园编.-武汉:武汉大学出版社,2006 |
| 469页;24cm |
| ISBN 7-307-05382-9:CNY40.00 |
| 本书收录了《胡适其人及胡适研究述评》、《开拓中国现代新文化的同路人》、《论闻一多的文化思想》、《四十年代长篇叙事诗初探》等武大文学院现代文学研究论文。 |
| ● |
| 相关链接 |
|
|
|
|
正题名:传承与创新
索取号:I206.6-53/JY262
 
预约/预借
| 序号 | 登录号 | 条形码 | 馆藏地/架位号 | 状态 | 备注 |
| 1 | 7801663 | 278016638 | 学院路分馆/ [索取号:I206.6-53/JY262] | 在馆 |